Music Modes Quiz - Statistics

General Stats
  • This quiz has been taken 10 times
  • The average score is 5 of 7
Answer Stats
Answer % Correct
Lydian
89%
Aeolian
78%
Dorian
78%
Ionian
78%
Mixolydian
78%
Phrygian
78%
Locrian
56%
No matching quizzes found
Score Distribution
Percent of People with Each Score
Percentile by Number Answered
Your Score History
You have not taken this quiz